Dielectrie phenomen II.
Saved in:
| Format: | Book |
|---|---|
| Language: | English |
| Published: |
London,
1928
|
| Tags: |
No Tags, Be the first to tag this record!
|
MARC
| LEADER | 00000nam a22000003a 4500 | ||
|---|---|---|---|
| 001 | stu205421 | ||
| 005 | 20141123082139.5 | ||
| 008 | 100618s1928------------------------eng-d | ||
| 040 | |a STU |b slo | ||
| 041 | 0 | |a eng | |
| 245 | |a Dielectrie phenomen II. | ||
| 260 | |a London, |c 1928 | ||
| 996 | |b E18047 |c E*18047 |l EE11 |s P |a 0 |w stu205421_0001 | ||
| 996 | |b E18048 |c E*18048 |l EE11 |s P |a 0 |w stu205421_0002 | ||